Die 10 größten Städte Schwedens - Statistiken

Allgemein
  • Dieses Quiz wurde 51 mal gespielt
  • Das Durchschnittsergebnis liegt bei 5 aus 10
Antwortstatistiken
Hint Antwort % Korrekt
1.767.108 Stockholm
100%
325.069 Malmö
89%
655.429 Göteborg
83%
168.760 Uppsala
70%
113.828 Helsingborg
40%
101.440 Jönköping
34%
119.016 Linköping
34%
98.088 Norrköping
32%
126.604 Örebro
28%
128.660 Västerås
17%
Keine übereinstimmenden Quizze gefunden
Verteilung der Resultate
Anzahl Personen mit jedem Resultat
Perzentil nach korrekt beantworteten Fragen
Ihre Resultats-Entwicklung
Sie haben dieses Quiz noch nicht gespielt